LDR 00701naa#a2200181#i#450# 001 EN\\bibl\120641 005 20260515232027.5 011 ## _a2587-6740 100 ## _a20260415b2026####ek#y0engy0150####ca 102 ## _aRU 200 1# _aAssessment of the impact of agroecological factors on the state of agricultural production in the Khabarovsk territory _eJournal article 210 1# _aMoscow _cElectronic science _d2026 215 ## _a5 с. 608 ## _aJournal article _2local 675 ## _aМеры по поддержанию и повышению уровня использования земли. 332.37 _z 700 #1 _aVdovenko _gAlla Vladimirovna 700 #1 _aNazarova _gAnna Aleksandrovna 856 4# _astolypinvestnik.ru _u